|
|
|
|
| LEADER |
00734nta a2200205 i 4500 |
| 001 |
dokt5878 |
| 005 |
20220621093642.0 |
| 008 |
220621s1986 hu om 0|| hun d |
| 040 |
|
|
|a SZTE Doktori Repozitórium
|b hun
|
| 041 |
|
|
|a hun
|
| 100 |
1 |
|
|a Kálmán Katalin
|
| 245 |
1 |
0 |
|a Expressziós vektorok szerkesztése magasabbrendű növényekben való idegen gén kifejeztetéséhez
|h [elektronikus dokumentum] /
|c Kálmán Katalin
|
| 260 |
|
|
|c 1986
|
| 502 |
|
|
|a Disszertacio
|
| 650 |
|
4 |
|a biológiai tudományok
|
| 650 |
|
4 |
|a Természettudományok
|
| 650 |
|
4 |
|a Biológiai tudományok
|
| 695 |
|
|
|a Genetika
|
| 700 |
1 |
|
|a nincs megadva
|e ths
|
| 856 |
4 |
0 |
|u https://doktori.bibl.u-szeged.hu/id/eprint/5878/1/1986_kalman_katalin.pdf
|z Dokumentum-elérés
|